000 00518nam a2200181 a 4500
001 000010759
005 20240412074221.0
008 091009s1951 dr 000 p spa d
040 _aDO-SdBNP
_bspa
_cBNPHU
082 _aRD861.44
_bM814c
100 1 _aMorel, Tomás
_925968
245 1 3 _aLa calle de mi casa /
_cTomás Morel.
260 _aSantiago, República Dominicana :
_bYaque,
_c1951.
300 _a55 p. ;
_c20 cm.
650 0 _aPoesía dominicana
_966
650 0 _aLiteratura dominicana.
_967
049 _aBNPD
999 _c10514
_d10514